The Media and Neo-Populism : A Contemporary Comparative Analysis /

Guardado en:
Detalles Bibliográficos
Autor principal: Mazzoleni, Gianpietro (ed.)
Otros autores: Stewart, Julianne (edición) (edición), Horsfield, Bruce (edición) (edición)
Formato: Libro
Idioma:Inglés
Publicado: Westport, EUA : Praeger, 2003, c2003
Boulder, EUA : NetLibrary [distribución], 2005
Colección:(Praeger Series in Political Communication)
Temas:
Acceso en línea:Ver documento en línea
Etiquetas: Agrega una etiqueta
Sin etiquetas, Sé el primero en etiquetar este registro!

MARC

LEADER 00000nam^a2200000^a^4500
001 000194623
005 20251023000000.0
009 20260310102725.33
020 |a 978-0313-05149-4 
037 |a Acervo ITESO - Biblioteca 
041 |a ING 
082 |a 324. 73  |b MAZ 
100 |a Mazzoleni, Gianpietro  |e (ed.) 
245 1 4 |a The Media and Neo-Populism :  |b A Contemporary Comparative Analysis /  |c Ed. de G. Mazzoleni, J. Stewart, B. Horsfield ; pról. de Jay G. Blumler. 
264 4 |a Westport, EUA :  |b Praeger,  |c 2003, c2003 
264 4 |a Boulder, EUA :  |b NetLibrary [distribución],  |c 2005 
300 |a 1 libro electrónico en línea (XX, 253 p.) 
336 |a datos para computadora  |b cod  |2 rdacontenido 
337 |a computadora  |b c  |2 rdamedio 
338 |a recurso en línea  |b cr  |2 rdasoporte 
440 1 |a (Praeger Series in Political Communication) 
506 1 |a 3 licencias 
649 |a XX 
650 |a Comunicación Masiva -  |x Aspectos Políticos -  |x Tema Principal 
650 |a Populismo -  |x Tema Principal 
650 |a Democracia 
650 |a Medios de Comunicación 
650 |a Comunicación y Política 
700 |a Stewart, Julianne  |e (edición) 
700 |a Horsfield, Bruce  |e (edición) 
856 4 0 |u https://ezproxy.iteso.mx/login?url=https://search.ebscohost.com/login.aspx?direct=true&scope=site&db=nlebk&db=nlabk&AN=125483  |y Ver documento en línea 
910 |a Fondo General 
920 |a Electrónicos - Libros en Línea 
930 |a Plataforma Digital 
905 |a 205 
901 |a 194623-1  |b IT2  |c EBO  |i C158  |u 20250521 
901 |a 194623-2  |b IT2  |c EBO  |i C158  |u 20250521 
901 |a 194623-3  |b IT2  |c EBO  |i C158  |u 20250521 
902 |a https://opac.biblio.iteso.mx/vufind/Record/000194623